00594nam a2200217Ia 450000500170000000800410001702000230005804000190008104100120010008200130011210000210012524500450014625000110019126000540020230000130025644000210026950400260029065000150031665100350033185000100036620230429135714.0131103s9999 xx 000 0 und d a817554127XcRs 140 aLoreto College aEnglish a658bBRA aBradbury, Andrew aDevelop your NLP skillscAndrew Bradbury a2nd ed aNew DelhibKogan Page India Private Limitedc2000 aiv,139p  aCreating success aIncludes bibliography aManagement aNeuro - Linguistic Programming aLCLIB